New Zealand All Blacks Rugby - Least Successful Visitors - Statistics

General Stats
  • This quiz has been taken 67 times
    17 since last reset
  • The average score is 6 of 11
Answer Stats
Losses Country Player % Correct
10 Ireland/Lions Brian O'Driscoll
86%
10 Ireland/Lions Ronan O'Gara
79%
12 Australia Will Genia
71%
10 Australia Michael Hooper
64%
13 Australia Stephen Moore
64%
14 Australia Adam Ashley-Cooper
57%
10 Australia Matt Giteau
43%
11 Australia Nathan Sharpe
43%
10 Australia George Smith
29%
10 Australia Rob Simmons
14%
10 Australia Sekope Kepu
14%
No matching quizzes found
Score Distribution
Percent of People with Each Score
Percentile by Number Answered
Your Score History
You have not taken this quiz since the last reset